000 00317nam a22001337a 4500
003 SGT
020 _a818631105X
082 _a891.4309
_bD95S
100 _aशर्मा, उदयन
245 _a दहशत
260 _bप्रकाशन संस्थान
_c1995
300 _a175
942 _2ddc
_cBK
999 _c31063
_d31063